=LDR 00000nam 2200000 4500 =001 INLIS000000000026627 =005 20130612125045 =008 ***********************************Ind** =035 ##$$0010-061300000026627 =041 ##$$a Ind =082 ##$$a 028.55 =090 ##$$a 028.55, Ber m =100 ##$$a Bertino, Andreee =245 ##$$a Monyet di kolombia besreta cerita lainnya, Andree bertino =260 ##$$a { s.a } $b bogor =300 ##$$a 24 hlm, ilus, 19 cm =650 ##$$a bacan - kanak- kanak =850 ##$$a NBPNMAT